Statistics for Music Genre Chain

Click here to take the quiz!

General Stats

  • This quiz has been taken 111 times
  • The average score is 8 of 20

Answer Stats

HintArtistGenre% Correct
Reject the mainstreamThe ClashPunk
89%
Popular in South KoreaGirls' GenerationK-pop
84%
Stereotypically type of sung in the AlpsFranz "Franzl" LangYodel
78%
Spanish and portuguese musicEnrique IglesiasLatin
77%
Funny versions of songs"Weird Al" YankovicParody
74%
No instruments.PentatonixA cappella
51%
Type of mid-80s popDuran DuranNew Wave
48%
Theatrical style were most dialogue is sungGiovanni BoldiniOpera
42%
Electronic music made largely for nightclubsTiëstoEDM
41%
Heavily emotional style of post-hardcore punkWeezerEmo
36%
Remaining "underground"Bon IverIndie
31%
Same as 2, but in EuropeAquaEuropop
27%
Originally a Czech danceEddie BlazonczykPolka
25%
Stereotypical elevator musicErutanMuzak
20%
Experimental pop musicBjörkArt pop
12%
Often using unusual or experimental elementsJohn CageAvant-garde
11%
A form of incredibly slow electronic musicIsao TomitaAmbient
11%
Tempo lying between 125 and 150 (BPM)Jam & SpoonTrance
6%
Heavy metal + J-popBaby Metal{Kawaii} Metal
6%
International genres marketed at AmericansLes BaxterExotica
5%

Score Distribution

Percentile by Number Answered

Percent of People with Each Score

Your Score History

You have not taken this quiz